LEADER 01346nam a2200313 u 4500 001 000000038276 003 CaOOAMICUS 005 20070226113847.0 008 980422s1977 it u000 u ita u 035 $a10791586 040 $aPUL(R)$bita 100 1 $aAntolisei, Francesco,$d1882-1967.$0(OLS)http://pul/name/28243 245 10$aManuale di diritto penale :$bparte speciale /$cFrancesco Antolisei. 250 $a7. ed. aggiornata /$ba cura di Luigi Conti. 260 $aMilano :$bA. Giuffrè,$c1977. 300 $a2 v. ;$c25 cm 500 $aContiene indici. 650 4$aDiritto penale.$0(OLS)http://pul/subject/1808 700 1 $aConti, Luigi.$0(OLS)http://pul/name/28597 850 $aPUL 852 $aPUL$W1$xSL Diritto e Scienze Sociali 1$y4$m178 E 45-46$j52181$nBK-PRI$b $qStampati$B52181$CPULBib$Z2$F52181 $H $81 852 $aPUL$W1$xSL Diritto e Scienze Sociali 1$y4$m178 E 45-46$j52181$nBK-PRI$b $qStampati$B52182$CPULBib$Z2$F52182 $H $81 941 1 $a8 960 $aPena (diritto)$91808 960 $aPena (diritto)$91808 961 $aINV: 45183-45184. 961 $aINV: 45183-45184. 996 $6245$aManuale di diritto penale :$bparte speciale$9(OLS)http://pul/title/52016 996 $6260$aMilano :$bA. Giuffrè$9(OLS)http://pul/publisher/48096 LEADER 01138nam a2200289 a 4500 001 000000138790 003 CaOOAMICUS 005 20140612090506.0 008 140612s2014 it u000 u ita r 020 $a978-88-399-0468-3 040 $aPUL$bita 100 1 $aBertuletti, Angelo,$csac.$0(OLS)http://pul/name/14986 245 10$aDio, il mistero dell'unico /$cAngelo Bertuletti. 260 $aBrescia :$bQueriniana,$c©2014. 300 $a606 p. ;$c23 cm 490 1 $aBiblioteca di teologia contemporanea ;$v168 504 $aBibliografia in nota. 650 4$aDio$xDottrina cristiana.$0(OLS)http://pul/subject/9476 830 0$aBiblioteca di teologia contemporanea ;$v168.$0(OLS)http://pul/title/7472 850 $aPUL 852 $aPUL$W1$xSL Religione 3$y85$m200 BTC 1.168$j160208$bDDC 21$q $B159656$CPULBib$Z2$F159656 $H124205 $81 941 1 $a9 983 0$aBTC. 996 $6020$a978-88-399-0468-3$9(OLS)http://pul/number/155512 996 $6245$aDio, il mistero dell'unico$9(OLS)http://pul/title/175716 996 $6260$aBrescia :$bQueriniana$9(OLS)http://pul/publisher/47906